00294nam a2200121Ia 4500008004100000041001200041082001800053100002200071245002200093260002700115300000800142650002200150231221s9999 xx 000 0 und d aEnglish a150 PAL;1 R aPaliwal, Suprithy 0aSocial psychology c2002bRBSA PubaJaipur a308 aSocial,psychology